The employment problem in less developed countries : A Review of evidence
Zapisane w:
| 1. autor: | |
|---|---|
| Format: | Książka |
| Język: | Undetermined |
| Wydane: |
Paris
O.E.C.D
1971
|
| Hasła przedmiotowe: | |
| Etykiety: |
Dodaj etykietę
Nie ma etykietki, Dołącz pierwszą etykiete!
|
| Thư viện lưu trữ: | Trung tâm Học liệu Trường Đại học Cần Thơ |
|---|
| LEADER | 00557nam a2200205Ia 4500 | ||
|---|---|---|---|
| 001 | CTU_82318 | ||
| 008 | 210402s9999 xx 000 0 und d | ||
| 082 | |a 331.1 | ||
| 082 | |b T955 | ||
| 100 | |a Turnham, David | ||
| 245 | 4 | |a The employment problem in less developed countries : | |
| 245 | 2 | |b A Review of evidence | |
| 245 | 0 | |c David Turnham | |
| 260 | |a Paris | ||
| 260 | |b O.E.C.D | ||
| 260 | |c 1971 | ||
| 650 | |a Labor supply | ||
| 650 | |x Developing countries | ||
| 904 | |i Trọng Hải | ||
| 980 | |a Trung tâm Học liệu Trường Đại học Cần Thơ | ||